000
00291nam a22001337a 4500
008
170505b xxu||||| |||| 00| 0 eng d
020
_a
351515
041
_a
eng
080
_2
2ND
_a
34
100
_a
34
101
_a
SHJ
245
_a
FUNDAMENTALS OF COUNSELING
_c
SHERTZER
942
_2
udc
_c
BK
999
_c
12757
_d
12757